INDUSTRIAL PHARMACOGNOSTICAL TECHNIGUES AS PER LATEST PCI REGULATIONS FOR M. PHARMA [ 1ST SEMESTER] (Record no. 8954)

MARC details
000 -LEADER
fixed length control field 00621nam a22001817a 4500
005 - DATE AND TIME OF LATEST TRANSACTION
control field 20251127123345.0
008 - FIXED-LENGTH DATA ELEMENTS--GENERAL INFORMATION
fixed length control field 251124b |||||||| |||| 00| 0 eng d
020 ## - INTERNATIONAL STANDARD BOOK NUMBER
ISBN 978-93-48565-21-1
041 ## - LANGUAGE CODE
Language code of text/sound track or separate title eng
082 ## - DEWEY DECIMAL CLASSIFICATION NUMBER
Classification number 615.32 CHH-I
100 ## - MAIN ENTRY--AUTHOR NAME
Personal name CHHIKARA, MS MANISHA 2-SURIDIA DR, POOJA . 3-VERMA, DR, CHETNA .4- PRAKASH, MRS. SIDBI MANI
245 ## - TITLE STATEMENT
Title INDUSTRIAL PHARMACOGNOSTICAL TECHNIGUES AS PER LATEST PCI REGULATIONS FOR M. PHARMA [ 1ST SEMESTER]
250 ## - EDITION STATEMENT
Edition statement 1ST ED, 2025
260 ## - PUBLICATION, DISTRIBUTION, ETC. (IMPRINT)
Place of publication NEW DELHI
Name of publisher INNOVATIVE PUBLICATIONS PVT LTD
Year of publication 2025
300 ## - PHYSICAL DESCRIPTION
Number of Pages 184;P
650 ## - SUBJECT ADDED ENTRY--TOPICAL TERM
Topical Term PHARMACY
General subdivision B.PHARMA
942 ## - ADDED ENTRY ELEMENTS (KOHA)
Koha item type Books
Holdings
Lost status Damaged status Collection code Home library Current library Date acquired Source of acquisition Cost, normal purchase price Full call number Accession Number Koha item type
    PHARMACY JRU Library JRU Library 14/11/2025 PURCHASE 475.00 615.32 29064 Books